[Event "Tambov Korensky Memorial 28th"]
[Site "Tambov"]
[Date "2019.08.29"]
[Round "6"]
[White "Kryukov, Denis V"]
[Black "Tikhonov, Viacheslav"]
[Result "1-0"]
[WhiteElo "2329"]
[BlackElo "2113"]
[PlyCount "113"]
[EventDate "2019.08.24"]
[EventType "swiss"]
[EventRounds "9"]
[EventCountry "RUS"]
[SourceTitle "EXT 2020"]
[Source "ChessBase"]
[SourceDate "2019.10.17"]
[SourceVersion "1"]
[SourceVersionDate "2019.10.17"]
[SourceQuality "1"]

1. d4 e6 2. Nf3 f5 3. g3 Nf6 4. Bg2 d5 5. 0-0 Bd6 6. Bf4 Bxf4 7. gxf4 0-0 8. c4 c6 9. Nbd2 Bd7 10. Qb3 Qb6 11. a4 Be8 12. a5 Qc7 13. Rfc1 Bh5 14. e3 Na6 15. Ne5 Rac8 16. Qa3 Qd8 17. Nf1 Be2 18. b3 Bxf1 19. Bxf1 g5 20. fxg5 Ng4 21. f4 Nxe3 22. c5 h6 23. h4 hxg5 24. hxg5 Qe8 25. Rc3 Ng4 26. Re1 Kg7 27. Rh3 Rh8 28. b4 Nc7 29. Nxg4 fxg4 30. Rxh8 Qxh8 31. Qg3 Kf7 32. Re5 Qh5 33. f5 Rh8 34. Bg2 Ke7 35. Re1 Kd7 36. fxe6+ Kc8 37. Qf4 Qh4 38. Re5 g3 39. Qxh4 Rxh4 40. g6 Ne8 41. e7 Kd7 42. b5 a6 43. bxa6 bxa6 44. Bf1 g2 45. Bxa6 Rxd4 46. Bb7 Kc7 47. a6 Rc4 48. Rf5 Re4 49. Rf8 Rxe7 50. Rf7 Kd8 51. Rxe7 Kxe7 52. Bxc6 Nc7 53. a7 d4 54. Kxg2 d3 55. Kf3 Kf6 56. Ke3 Kxg6 57. Kxd3 1-0

[Event "Tambov Korensky Memorial 28th"]
[Site "Tambov"]
[Date "2019.08.27"]
[Round "4"]
[White "Kryukov, Denis V"]
[Black "Lukovnikov, Alexander"]
[Result "1-0"]
[WhiteElo "2329"]
[BlackElo "2133"]
[PlyCount "83"]
[EventDate "2019.08.24"]
[EventType "swiss"]
[EventRounds "9"]
[EventCountry "RUS"]
[SourceTitle "EXT 2020"]
[Source "ChessBase"]
[SourceDate "2019.10.17"]
[SourceVersion "1"]
[SourceVersionDate "2019.10.17"]
[SourceQuality "1"]

1. d4 Nf6 2. c4 c5 3. d5 e6 4. Nc3 exd5 5. cxd5 d6 6. Nf3 g6 7. Nd2 Nbd7 8. e4 a6 9. a4 Bg7 10. Be2 0-0 11. 0-0 Re8 12. Re1 Ne5 13. h3 g5 14. Nf1 h6 15. Ne3 Ng6 16. Bd3 Nf4 17. Nc4 N6h5 18. Bf1 Qf6 19. Nb6 Rb8 20. Nxc8 Rbxc8 21. g3 Re5 22. gxf4 gxf4 23. Qf3 Qh4 24. Bg2 Rg5 25. Kf1 Be5 26. Ke2 Kh8 27. Kd1 Rcg8 28. Bh1 Bd4 29. Ne2 Bxf2 30. Rf1 Bg3 31. Qc3+ Kh7 32. Bf3 Qxh3 33. Rh1 Bh2 34. Ra3 Ng3 35. Nxf4 Qh4 36. Re1 Nf5 37. Ne2 Be5 38. Bxg5 Rxg5 39. Qc2 Ng3 40. Rb3 Nxe2 41. Qxe2 Rg7 42. Rxb7 1-0

[Event "Tambov Korensky Memorial 28th"]
[Site "Tambov"]
[Date "2019.08.24"]
[Round "1"]
[White "Mikhnenko, Alexander"]
[Black "Kryukov, Denis V"]
[Result "0-1"]
[WhiteElo "2063"]
[BlackElo "2329"]
[PlyCount "116"]
[EventDate "2019.08.24"]
[EventType "swiss"]
[EventRounds "9"]
[EventCountry "RUS"]
[SourceTitle "EXT 2020"]
[Source "ChessBase"]
[SourceDate "2019.10.17"]
[SourceVersion "1"]
[SourceVersionDate "2019.10.17"]
[SourceQuality "1"]

1. d4 Nf6 2. Bg5 c5 3. dxc5 Qa5+ 4. Qd2 Qxc5 5. f3 Nc6 6. e4 e6 7. c4 Ne5 8. b3 a6 9. Nc3 Qa5 10. Nge2 Nd3+ 11. Qxd3 Qxg5 12. f4 Qg6 13. h3 d5 14. f5 dxe4 15. Nxe4 Qxf5 16. Nd6+ Bxd6 17. Qxd6 Ne4 18. Qb6 0-0 19. Rd1 e5 20. Qe3 b5 21. g4 Qg6 22. Bg2 Bb7 23. Rd7 Bc6 24. Rc7 f5 25. Rxc6 Qxc6 26. gxf5 Qc5 27. Qxe4 Rad8 28. cxb5 axb5 29. Qc6 Qe3 30. Qc3 Rd3 31. Qc1 Qa7 32. Be4 Rd6 33. Bb1 Rfd8 34. Bc2 Rc8 35. b4 Kh8 36. Qb2 Qe3 37. Bb3 Rcd8 38. Qc3 Rd3 39. Qc5 Qe4 40. Rg1 Qh4+ 41. Qf2 Rd1+ 42. Bxd1 Rxd1+ 43. Kxd1 Qxf2 44. Rg3 Qxf5 45. Rc3 h5 46. a3 Qe4 47. Kd2 g5 48. Re3 Qf5 49. Rc3 h4 50. Re3 Kg7 51. Nc3 Qf2+ 52. Ne2 Kf6 53. Kd3 Qf5+ 54. Kd2 g4 55. hxg4 Qxg4 56. Ke1 h3 57. Ng3 h2 58. Kf2 Qxg3+ 0-1

[Event "Tambov Korensky Memorial 26th"]
[Site "Tambov"]
[Date "2017.08.26"]
[Round "8"]
[White "Kryukov, Denis V"]
[Black "Sapunov, Evgeny"]
[Result "0-1"]
[WhiteElo "2236"]
[BlackElo "2466"]
[PlyCount "74"]
[EventDate "2017.08.19"]
[EventType "swiss"]
[EventRounds "9"]
[EventCountry "RUS"]
[SourceTitle "CBM 180 Extra"]
[Source "ChessBase"]
[SourceDate "2017.10.06"]
[SourceVersion "1"]
[SourceVersionDate "2017.10.06"]
[SourceQuality "1"]

1. e4 c5 2. Nc3 Nc6 3. g3 g6 4. Bg2 Bg7 5. d3 d6 6. Be3 Rb8 7. Nge2 b5 8. a3 Nf6 9. 0-0 0-0 10. h3 a5 11. Qd2 Qc7 12. a4 bxa4 13. Nxa4 Nd7 14. c3 Ba6 15. f4 Nb6 16. Rfb1 Nxa4 17. Rxa4 Rb3 18. Qc2 Rfb8 19. Nc1 R3b6 20. b3 Bc8 21. d4 cxd4 22. cxd4 Qd8 23. Qd2 R6b7 24. Rc4 Nb4 25. d5 f5 26. Bd4 Bxd4+ 27. Qxd4 fxe4 28. g4 Qb6 29. Qxb6 Rxb6 30. Bxe4 Bb7 31. Rc7 Kf7 32. Ra1 Bxd5 33. Bxd5+ Nxd5 34. Rc4 Rb4 35. Ne2 Rxb3 36. Rxa5 Re3 37. Rc2 Nb4 0-1

[Event "Tambov Korensky Memorial 26th"]
[Site "Tambov"]
[Date "2017.08.24"]
[Round "6"]
[White "Balashov, Yuri S"]
[Black "Kryukov, Denis V"]
[Result "1-0"]
[WhiteElo "2451"]
[BlackElo "2236"]
[PlyCount "109"]
[EventDate "2017.08.19"]
[EventType "swiss"]
[EventRounds "9"]
[EventCountry "RUS"]
[SourceTitle "CBM 180 Extra"]
[Source "ChessBase"]
[SourceDate "2017.10.06"]
[SourceVersion "1"]
[SourceVersionDate "2017.10.06"]
[SourceQuality "1"]

1. d4 Nf6 2. c4 c5 3. d5 b5 4. cxb5 a6 5. b6 e6 6. Nc3 Nxd5 7. Nxd5 exd5 8. Qxd5 Nc6 9. Nf3 Rb8 10. e4 Be7 11. Bc4 0-0 12. 0-0 Rxb6 13. b3 d6 14. Bd2 Bf6 15. Rad1 Qe7 16. Qd3 Bg4 17. Rfe1 Nd4 18. Nxd4 Bxd4 19. Rc1 Qf6 20. Be3 Bxe3 21. Rxe3 a5 22. e5 dxe5 23. Qe4 Be6 24. Bd3 Rc8 25. Qxh7+ Kf8 26. Bc4 Bf5 27. Qh8+ Ke7 28. Qh5 g6 29. Qe2 e4 30. Bd5 Kf8 31. Bxe4 Bxe4 32. Rxe4 Rb4 33. g3 Rd8 34. Rec4 Rxc4 35. Rxc4 Rd5 36. Kg2 Re5 37. Qf3 Rf5 38. Qe3 Qc6+ 39. Qe4 Qxe4+ 40. Rxe4 Rf6 41. Ra4 Ra6 42. Kf3 Ke7 43. Ke4 Kd6 44. h4 Ra8 45. Kf4 f6 46. g4 Ke6 47. f3 Ra7 48. h5 gxh5 49. gxh5 Rh7 50. Kg4 Rg7+ 51. Kh4 Ra7 52. h6 Kf7 53. Rg4 Ra8 54. Rg7+ Ke6 55. h7 1-0

[Event "Tambov Korensky Memorial 26th"]
[Site "Tambov"]
[Date "2017.08.19"]
[Round "1"]
[White "Kutyanina, Mariya"]
[Black "Kryukov, Denis V"]
[Result "1-0"]
[WhiteElo "1906"]
[BlackElo "2236"]
[PlyCount "81"]
[EventDate "2017.08.19"]
[EventType "swiss"]
[EventRounds "9"]
[EventCountry "RUS"]
[SourceTitle "CBM 180 Extra"]
[Source "ChessBase"]
[SourceDate "2017.10.06"]
[SourceVersion "1"]
[SourceVersionDate "2017.10.06"]
[SourceQuality "1"]

1. e4 c5 2. Nf3 Nc6 3. d4 cxd4 4. Nxd4 Nf6 5. Nc3 e5 6. Ndb5 d6 7. Bg5 a6 8. Na3 b5 9. Nd5 Be7 10. Bxf6 Bxf6 11. c4 b4 12. Nc2 a5 13. g3 Bg5 14. Bg2 0-0 15. 0-0 Rb8 16. b3 Be6 17. Kh1 Qd7 18. f4 exf4 19. gxf4 Bh6 20. Nce3 Qa7 21. Qd3 a4 22. Rad1 Rfd8 23. Nc2 Qc5 24. Qg3 axb3 25. axb3 Ra8 26. f5 Bxd5 27. Rxd5 Qa7 28. Rxd6 Qa2 29. Rxc6 Qxc2 30. Rxh6 Rd3 31. Qg4 f6 32. e5 Ra2 33. Bd5+ Rxd5 34. cxd5 Qd3 35. Rd1 Rd2 36. Rxd2 Qxd2 37. Rh3 Qe1+ 38. Kg2 Qd2+ 39. Kf1 Qc1+ 40. Kf2 Qd2+ 41. Qe2 1-0

[Event "Voronezh op-A 21st"]
[Site "Voronezh"]
[Date "2017.06.21"]
[Round "9"]
[White "Pranav, V."]
[Black "Kryukov, Denis V"]
[Result "1-0"]
[WhiteElo "2147"]
[BlackElo "2241"]
[PlyCount "93"]
[EventDate "2017.06.12"]
[EventType "swiss"]
[EventRounds "9"]
[EventCountry "RUS"]
[SourceTitle "EXT 2018"]
[Source "ChessBase"]
[SourceDate "2017.10.13"]
[SourceVersion "1"]
[SourceVersionDate "2017.10.13"]
[SourceQuality "1"]

1. e4 c5 2. Nf3 e6 3. c4 Nc6 4. Nc3 Nf6 5. d4 cxd4 6. Nxd4 Qc7 7. Be3 a6 8. Be2 Bb4 9. Qc2 Ne5 10. 0-0 Neg4 11. g3 Nxe3 12. fxe3 Bxc3 13. Qxc3 Nxe4 14. Qa3 Qc5 15. b4 Qe7 16. Bd3 Nf6 17. e4 d6 18. Rae1 0-0 19. Qc3 Rd8 20. Bb1 Ng4 21. Nf3 e5 22. Nh4 Be6 23. Qf3 a5 24. Nf5 Bxf5 25. exf5 Nf6 26. g4 h6 27. h4 Ne8 28. Qg3 axb4 29. g5 Ra3 30. Qg4 hxg5 31. hxg5 f6 32. Be4 fxg5 33. Bd5+ Kf8 34. f6 gxf6 35. Re2 Qd7 36. Be6 Qg7 37. Rh2 Rda8 38. Bf5 Kg8 39. Qe4 Rg3+ 40. Kh1 Kf8 41. Rh7 d5 42. cxd5 Nd6 43. Qxb4 Qxh7+ 44. Bxh7 Ke7 45. Rxf6 Ra6 46. Re6+ Kd7 47. Bf5 1-0

[Event "Voronezh op-A 20th"]
[Site "Voronezh"]
[Date "2016.06.19"]
[Round "8"]
[White "Kryukov, Denis V"]
[Black "Anu, Bayar"]
[Result "1-0"]
[WhiteElo "2235"]
[BlackElo "1981"]
[PlyCount "67"]
[EventDate "2016.06.12"]
[EventType "swiss"]
[EventRounds "9"]
[EventCountry "RUS"]
[SourceTitle "EXT 2019"]
[Source "ChessBase"]
[SourceDate "2018.10.10"]
[SourceVersion "1"]
[SourceVersionDate "2018.10.10"]
[SourceQuality "1"]

1. e4 d5 2. exd5 Qxd5 3. Nc3 Qd6 4. d4 Nf6 5. Bc4 a6 6. Nf3 Bg4 7. Qe2 Nc6 8. Be3 0-0-0 9. 0-0-0 e6 10. h3 Bh5 11. a3 Na5 12. Ba2 Nd5 13. Bd2 Nxc3 14. Bxc3 Nc6 15. d5 exd5 16. Rxd5 Qf4+ 17. Bd2 Bxf3 18. gxf3 Qa4 19. Qe4 Qxe4 20. Rxd8+ Kxd8 21. fxe4 Bc5 22. f4 f5 23. b4 Bb6 24. e5 g5 25. Rd1 Ke7 26. c4 a5 27. c5 Ba7 28. fxg5 axb4 29. axb4 b6 30. b5 Nd4 31. c6 Nxb5 32. Bb4+ Ke8 33. Rd7 f4 34. Bf7# 1-0

[Event "Voronezh op-A 20th"]
[Site "Voronezh"]
[Date "2016.06.15"]
[Round "4"]
[White "Kryukov, Denis V"]
[Black "Grishaev, Igor"]
[Result "1-0"]
[WhiteElo "2235"]
[BlackElo "1935"]
[PlyCount "63"]
[EventDate "2016.06.12"]
[EventType "swiss"]
[EventRounds "9"]
[EventCountry "RUS"]
[SourceTitle "EXT 2019"]
[Source "ChessBase"]
[SourceDate "2018.10.10"]
[SourceVersion "1"]
[SourceVersionDate "2018.10.10"]
[SourceQuality "1"]

1. e4 c5 2. Nf3 Nc6 3. d4 cxd4 4. Nxd4 Nf6 5. Nc3 e5 6. Ndb5 d6 7. Bg5 a6 8. Na3 b5 9. Nd5 Be7 10. Bxf6 Bxf6 11. c3 0-0 12. Nc2 Bg5 13. a4 bxa4 14. Rxa4 a5 15. Bc4 Bd7 16. Ra2 Kh8 17. h4 Bh6 18. Nce3 f5 19. Nxf5 Bxf5 20. exf5 Rxf5 21. g4 Rf4 22. Nxf4 Bxf4 23. Bd5 Ne7 24. Bxa8 Qxa8 25. f3 e4 26. 0-0 Ng6 27. fxe4 Qxe4 28. Qf3 Qe8 29. h5 Be3+ 30. Kh1 Nf4 31. Rxa5 d5 32. Qxe3 1-0

[Event "Tambov Region-ch"]
[Site "Tambov"]
[Date "2016.03.05"]
[Round "7"]
[White "Uryupin, Igor Nikolaevich"]
[Black "Kryukov, Denis V"]
[Result "1-0"]
[WhiteElo "2222"]
[BlackElo "2298"]
[PlyCount "75"]
[EventDate "2016.03.02"]
[EventType "swiss"]
[EventRounds "9"]
[EventCountry "RUS"]
[SourceTitle "CBM 171 Extra"]
[Source "ChessBase"]
[SourceDate "2016.04.26"]
[SourceVersion "1"]
[SourceVersionDate "2016.04.26"]
[SourceQuality "1"]

1. c4 Nf6 2. g3 e5 3. Bg2 c6 4. d4 exd4 5. Qxd4 d5 6. Nf3 Be7 7. cxd5 cxd5 8. 0-0 Nc6 9. Qd3 0-0 10. Nc3 Nb4 11. Qd1 Bf5 12. Nd4 Bg6 13. Be3 Re8 14. a3 Nc6 15. Nxc6 bxc6 16. Rc1 Ng4 17. Bf4 Bf6 18. e4 d4 19. Na4 h5 20. Nc5 d3 21. Nxd3 Bxe4 22. Bxe4 Rxe4 23. Qf3 Qd5 24. Rc5 Qd4 25. Rxh5 Ne3 26. Bxe3 Qxd3 27. Rd1 Qc2 28. Rc1 Qa4 29. b3 Rxe3 30. Qxe3 Qxa3 31. Rxc6 Rb8 32. Kg2 Qb2 33. Qxa7 Qxb3 34. Rhc5 Kh7 35. Qd7 Rd8 36. Rh5+ Kg8 37. Rc8 Qb6 38. Qe8+ 1-0